000 00578nam a2200205Ia 4500
005 20250508162933.0
008 008 250505s9999 xx 000 0 eng d
020 _a0-631-17946-1
037 _aTextual
040 _aFEDL
_beng
_cFEDL
041 _aeng
_2eng
084 _a330, CIP
_qFEDL
100 _aCipolla Carlo M.
245 0 _aBetween history and economics: An introduction to economic history
260 _aOxford, UK
_bBasil Blackwell
_c1991
300 _ax, 198p.
650 _aEconomics
942 _cTEXL
_h330, CIP
999 _c1379534
_d1379534